[Event "Sachsen-Anhalt-ch op"]
[Site "Magdeburg"]
[Date "2022.10.31"]
[Round "5"]
[White "Schambier, Leon Elias"]
[Black "Shevchenko, Igor"]
[Result "1-0"]
[WhiteElo "1395"]
[BlackElo "1438"]
[PlyCount "145"]
[EventDate "2022.10.29"]
[EventType "swiss"]
[EventRounds "7"]
[EventCountry "GER"]
[SourceTitle "CBM 211 Extra"]
[Source "ChessBase"]
[SourceDate "2023.01.31"]
[SourceVersion "1"]
[SourceVersionDate "2023.01.31"]
[SourceQuality "1"]

1. d4 d5 2. Nf3 Nf6 3. Bf4 e6 4. e3 c5 5. c3 Nc6 6. Bd3 Be7 7. Nbd2 Qb6 8. Qc2 0-0 9. 0-0 cxd4 10. exd4 Qd8 11. Rfe1 Bd6 12. Bg5 h6 13. Bh4 Be7 14. Bg3 Nd7 15. Re2 Re8 16. Rae1 Bf6 17. Bb5 a6 18. Bxc6 bxc6 19. h3 c5 20. Qb3 c4 21. Qc2 Nb6 22. Ne5 Bd7 23. Ndf3 Ba4 24. Qc1 Rc8 25. Qf4 Nd7 26. Qg4 Nf8 27. Bf4 Bg5 28. Nxg5 hxg5 29. Bxg5 f6 30. Bh6 Qe7 31. Nf3 Kh7 32. Bf4 f5 33. Qh5+ Kg8 34. Ng5 Qd7 35. Be5 Re7 36. h4 Qd8 37. Re3 Be8 38. Qf3 Ng6 39. Qg3 Nxe5 40. Rxe5 Rb8 41. R1e2 Bh5 42. Rd2 Rb6 43. Qe3 Qd7 44. f3 a5 45. Re2 Bf7 46. g4 fxg4 47. fxg4 a4 48. Nxf7 Kxf7 49. h5 Kg8 50. h6 Kh8 51. Rh5 g6 52. Qe5+ Kh7 53. Rhh2 Qd6 54. Qxd6 Rxd6 55. Ref2 Ra6 56. g5 a3 57. Rf6 axb2 58. Rxb2 Raa7 59. Rbf2 e5 60. Rd6 exd4 61. cxd4 Rad7 62. Rxd7 Rxd7 63. a4 Ra7 64. Ra2 c3 65. Kf2 c2 66. Rxc2 Rxa4 67. Rc7+ Kh8 68. Ke3 Ra3+ 69. Kf4 Rd3 70. Ke5 Rg3 71. Kf6 Rg4 72. Kxg6 Rxd4 73. Rc8# 1-0

[Event "Sachsen-Anhalt-ch op"]
[Site "Magdeburg"]
[Date "2022.10.29"]
[Round "1"]
[White "Kriegler, Torsten"]
[Black "Shevchenko, Igor"]
[Result "1-0"]
[WhiteElo "1789"]
[BlackElo "1438"]
[PlyCount "99"]
[EventDate "2022.10.29"]
[EventType "swiss"]
[EventRounds "7"]
[EventCountry "GER"]
[SourceTitle "CBM 211 Extra"]
[Source "ChessBase"]
[SourceDate "2023.01.31"]
[SourceVersion "1"]
[SourceVersionDate "2023.01.31"]
[SourceQuality "1"]

1. d4 d5 2. c4 e6 3. Nc3 Nf6 4. Bg5 Be7 5. e3 0-0 6. Nf3 Nbd7 7. Rc1 c6 8. Bd3 Qb6 9. cxd5 exd5 10. b3 Bb4 11. 0-0 Re8 12. Bxf6 Nxf6 13. Ne5 Qa5 14. Na4 Bd6 15. f4 Bxe5 16. fxe5 Ng4 17. Qf3 Rf8 18. h3 Nh6 19. Rc2 Be6 20. Rcf2 f6 21. Nc5 Rae8 22. Nxb7 Qc3 23. Bb1 Re7 24. Nd6 c5 25. Rc2 Qa1 26. Rxc5 Nf7 27. Bxh7+ Kxh7 28. Rxa1 fxe5 29. dxe5 Kg8 30. Rf1 Rd8 31. Qg3 Red7 32. Nxf7 Rxf7 33. Rxf7 Bxf7 34. Rc7 Rf8 35. e6 a5 36. Rxf7 Rxf7 37. exf7+ Kxf7 38. Qc7+ Kf6 39. Qxa5 d4 40. exd4 Kf7 41. Kf2 Kf6 42. Kf3 Kf7 43. Kf4 Kf6 44. Qb6+ Kf7 45. Kg5 Kf8 46. Qb7 g6 47. Kxg6 Ke8 48. Kf6 Kd8 49. Ke6 Ke8 50. Qe7# 1-0

[Event "Elista Chess City op 10th"]
[Site "Elista"]
[Date "2008.09.23"]
[Round "9"]
[White "Shovunov, Baatr"]
[Black "Shevchenko, Igor"]
[Result "1-0"]
[WhiteElo "2315"]
[BlackElo "2105"]
[PlyCount "67"]
[EventDate "2008.09.16"]
[EventType "swiss"]
[EventRounds "9"]
[EventCountry "RUS"]
[SourceTitle "CBM 126 Extra"]
[Source "ChessBase"]
[SourceDate "2008.11.05"]
[SourceVersion "1"]
[SourceVersionDate "2008.11.05"]
[SourceQuality "1"]

1. d4 e6 2. e4 d5 3. e5 c5 4. c3 Nc6 5. Nf3 Qb6 6. a3 Nh6 7. b4 cxd4 8. cxd4 Nf5 9. Be3 Bd7 10. Bd3 Rc8 11. Bxf5 exf5 12. 0-0 a5 13. Nc3 Be6 14. b5 Na7 15. Qd3 Be7 16. h4 0-0 17. a4 Rc4 18. h5 Rfc8 19. Ne2 Rb4 20. Bd2 Rb2 21. Rfc1 Rc4 22. Bc3 Rb3 23. Nd2 Ra3 24. Nxc4 dxc4 25. Qd2 Rxa1 26. Rxa1 Qd8 27. Bxa5 Qd7 28. Bb4 Nc8 29. Bxe7 Nxe7 30. h6 Ng6 31. Rd1 Bd5 32. Qg5 gxh6 33. Qf6 b6 34. Ng3 1-0

[Event "Elista Chess City op 10th"]
[Site "Elista"]
[Date "2008.09.17"]
[Round "2"]
[White "Shevchenko, Igor"]
[Black "Tkachenko, Georgiy"]
[Result "0-1"]
[WhiteElo "2105"]
[BlackElo "2284"]
[PlyCount "224"]
[EventDate "2008.09.16"]
[EventType "swiss"]
[EventRounds "9"]
[EventCountry "RUS"]
[SourceTitle "CBM 126 Extra"]
[Source "ChessBase"]
[SourceDate "2008.11.05"]
[SourceVersion "1"]
[SourceVersionDate "2008.11.05"]
[SourceQuality "1"]

1. e4 c6 2. d4 d5 3. Nd2 dxe4 4. Nxe4 Nf6 5. Nxf6+ gxf6 6. Nf3 Bf5 7. g3 Qd5 8. c3 Nd7 9. Bg2 Qe6+ 10. Qe2 Qxe2+ 11. Kxe2 Be4 12. Nh4 Bxg2 13. Nxg2 0-0-0 14. Be3 Nb6 15. Rad1 e6 16. Rhe1 Bd6 17. Kf1 f5 18. Bf4 Be7 19. Be5 Rhg8 20. Nf4 Bg5 21. Nd3 Nc4 22. Re2 Be7 23. b3 Nb6 24. Bf4 Nd5 25. Bd2 Bf6 26. Ne5 Bxe5 27. Rxe5 Nf6 28. f3 b6 29. Kf2 Kb7 30. Ree1 Rd7 31. Bc1 Nd5 32. Bb2 h5 33. Rd2 b5 34. c4 Nb6 35. d5 bxc4 36. dxc6+ Kxc6 37. Rc2 Kb7 38. bxc4 Rc8 39. c5 Nd5 40. Be5 Kc6 41. Rb1 Rb7 42. Rcb2 Rxb2+ 43. Rxb2 f6 44. Bd6 e5 45. Rb3 a5 46. Ra3 Ra8 47. Ra4 Nb4 48. Be7 Ra6 49. Ra3 Kd5 50. Rb3 Kc4 51. Kg2 Re6 52. Bd8 Nc6 53. Bb6 e4 54. Re3 Nd4 55. fxe4 fxe4 56. Bxa5 Ra6 57. Rc3+ Kb5 58. Bd8 Rxa2+ 59. Kf1 f5 60. Bf6 Nc6 61. h4 Rd2 62. Bg5 Ra2 63. Bf6 Nb4 64. Rb3 Kc4 65. Rc3+ Kd5 66. Kg1 Kc6 67. Bd4 Rd2 68. Be3 Rd3 69. Rxd3 Nxd3 70. Kf1 Nxc5 71. Ke2 Kd5 72. Bd2 Nb3 73. Bh6 Nd4+ 74. Ke3 Ne6 75. Ke2 Ke5 76. Ke3 Kf6 77. Ke2 Nc7 78. Bg5+ Ke6 79. Ke3 Nd5+ 80. Kd4 Nb4 81. Bh6 Nc2+ 82. Kc3 Ne1 83. Kd2 Nd3 84. Ke3 Ne5 85. Bf4 Kd5 86. Bg5 Nc4+ 87. Ke2 Ne5 88. Ke3 Ng4+ 89. Ke2 Kd4 90. Bd8 f4 91. gxf4 Kd5 92. Bc7 Ke6 93. Bd8 Kf5 94. Bg5 Nh2 95. Kf2 Nf3 96. Ke3 Ne1 97. Kf2 Nd3+ 98. Ke3 Nb4 99. Kd4 Nc2+ 100. Kc3 Ne1 101. Kd2 Ng2 102. Kc3 Nxf4 103. Kd2 Ke5 104. Ke3 Nd5+ 105. Ke2 Kd4 106. Bh6 e3 107. Bg5 Ke4 108. Bh6 Nc3+ 109. Ke1 Kf3 110. Bf8 Ne4 111. Bb4 Nf2 112. Bd6 Nd3+ 0-1

[Event "Elista Chess City op 10th"]
[Site "Elista"]
[Date "2008.09.16"]
[Round "1"]
[White "Shamshin, Rudolf"]
[Black "Shevchenko, Igor"]
[Result "0-1"]
[WhiteElo "2186"]
[BlackElo "2105"]
[PlyCount "92"]
[EventDate "2008.09.16"]
[EventType "swiss"]
[EventRounds "9"]
[EventCountry "RUS"]
[SourceTitle "CBM 126 Extra"]
[Source "ChessBase"]
[SourceDate "2008.11.05"]
[SourceVersion "1"]
[SourceVersionDate "2008.11.05"]
[SourceQuality "1"]

1. e4 Nf6 2. e5 Nd5 3. c4 Nb6 4. d4 d6 5. exd6 cxd6 6. Nc3 Nc6 7. Be3 e5 8. d5 Nb8 9. Nge2 Be7 10. Nc1 0-0 11. Qd2 f5 12. f3 Na6 13. Be2 Bd7 14. 0-0 Bf6 15. Nb3 Na4 16. Nb5 Bxb5 17. cxb5 N6c5 18. Nxc5 Nxc5 19. Rac1 f4 20. Bf2 e4 21. Bd4 e3 22. Qb4 Bh4 23. g3 fxg3 24. Bxe3 gxh2+ 25. Kh1 Qe7 26. Rc3 Bf6 27. Ra3 Qe5 28. Bc4 b6 29. Bxc5 bxc5 30. Qd2 Qxb2 31. Qxb2 Bxb2 32. Ra6 Be5 33. Rc6 Rf4 34. Bd3 Raf8 35. Be2 Ra4 36. Ra6 Rxa6 37. bxa6 Rf4 38. Bd3 Ra4 39. Bb1 g5 40. Re1 Rxa6 41. Re3 Rb6 42. Rb3 c4 43. Rxb6 axb6 44. a4 h6 45. Be4 Bf4 46. Kg2 Kg7 0-1